| 000 | 00490nam a2200169 a 4500 | ||
|---|---|---|---|
| 005 | 20140412111311.0 | ||
| 008 | 010329s19uu xx 00 eng d | ||
| 020 | _a0-673-40185-5 | ||
| 050 |
_aTR(GS 507 _bD58 1996 |
||
| 245 | _aDiscover the wonder, grade 1. | ||
| 250 | _aTeacher's Edition | ||
| 260 |
_aGlenview, Illinos : _bScott, Foresman Company, _c1996. |
||
| 300 | _a48 p. ; T15 p. | ||
| 440 | _aScottForesman Science | ||
| 650 | _aScience - study and teaching | ||
| 999 |
_c104015 _d104015 |
||